000 00648cam a22002413a 4500
001 24263
003 PGUSA
005 20140828083522.0
008 080112s2008||||xxu|||||s|||||000 | eng d
040 _aPGUSA
_beng
042 _adc
050 4 _aPZ
245 1 2 _aA Hundred Anecdotes of Animals
_h[electronic resource]
260 _bProject Gutenberg,
_c2008
506 _aPublic domain in the USA.
516 _aElectronic text
653 _aAnimals -- Humor
653 _aAnimals -- Anecdotes
700 1 _aBillinghurst, Percy J.
830 0 _aProject Gutenberg
_v24263
856 4 0 _uhttp://www.gutenberg.org/ebooks/24263
942 _cEB
999 _c253518
_d253518